| 000 -LEADER |
| fixed length control field |
02390cam a2200469 i 4500 |
| 001 - CONTROL NUMBER |
| control field |
20189354 |
| 003 - CONTROL NUMBER IDENTIFIER |
| control field |
NUST |
| 005 - DATE AND TIME OF LATEST TRANSACTION |
| control field |
20220825124024.0 |
| 008 - FIXED-LENGTH DATA ELEMENTS--GENERAL INFORMATION |
| fixed length control field |
171212t20172017nyu 000 0 eng d |
| 010 ## - LIBRARY OF CONGRESS CONTROL NUMBER |
| LC control number |
2017448423 |
| 020 ## - INTERNATIONAL STANDARD BOOK NUMBER |
| International Standard Book Number |
9781259863486 |
| Qualifying information |
(paperback) |
| 020 ## - INTERNATIONAL STANDARD BOOK NUMBER |
| International Standard Book Number |
1259863484 |
| Qualifying information |
(paperback) |
| 035 ## - SYSTEM CONTROL NUMBER |
| System control number |
(OCoLC)ocn969974201 |
| 038 ## - RECORD CONTENT LICENSOR |
| Staff Name |
Azhar |
| 040 ## - CATALOGING SOURCE |
| Original cataloging agency |
IG$ |
| Language of cataloging |
eng |
| Transcribing agency |
IG$ |
| Description conventions |
rda |
| Modifying agency |
OCLCO |
| -- |
GO4 |
| -- |
OCLCF |
| -- |
NYP |
| -- |
OCLCQ |
| -- |
LDL |
| -- |
SEA |
| -- |
YDX |
| -- |
BTCTA |
| -- |
BDX |
| -- |
IHT |
| -- |
DLC |
| 042 ## - AUTHENTICATION CODE |
| Authentication code |
lccopycat |
| 050 00 - LIBRARY OF CONGRESS CALL NUMBER |
| Classification number |
LB2367.4 |
| Item number |
.O35 2017 |
| 082 04 - DEWEY DECIMAL CLASSIFICATION NUMBER |
| Classification number |
378.1662 |
| Edition number |
23 |
| Author Mark |
ETS |
| 245 00 - TITLE STATEMENT |
| Title |
Official GRE Verbal Reasoning practice questions. |
| Number of part/section of a work |
Volume 1 : |
| Remainder of title |
with practice for the analytical writing measure. |
| 246 3# - VARYING FORM OF TITLE |
| Title proper/short title |
Official Graduate Record Examination verbal reasoning practice questions. |
| Number of part/section of a work |
Volume 1 : |
| Remainder of title |
with practice for the analytical writing measure |
| 246 3# - VARYING FORM OF TITLE |
| Title proper/short title |
ETS Official GRE verbal reasoning practice questions. |
| Number of part/section of a work |
Volume 1 |
| 250 ## - EDITION STATEMENT |
| Edition statement |
Second edition. |
| 260 ## - PUBLICATION, DISTRIBUTION, ETC. |
| Place of publication, distribution, etc. |
New York : |
| Name of publisher, distributor, etc. |
McGraw Hill Education, |
| Date of publication, distribution, etc. |
2017 |
| 264 #4 - PRODUCTION, PUBLICATION, DISTRIBUTION, MANUFACTURE, AND COPYRIGHT NOTICE |
| Date of production, publication, distribution, manufacture, or copyright notice |
©2017 |
| 300 ## - PHYSICAL DESCRIPTION |
| Extent |
xii, 241 pages ; |
| Dimensions |
28 cm |
| 336 ## - CONTENT TYPE |
| Content type term |
text |
| Content type code |
txt |
| Source |
rdacontent |
| 337 ## - MEDIA TYPE |
| Media type term |
unmediated |
| Media type code |
n |
| Source |
rdamedia |
| 338 ## - CARRIER TYPE |
| Carrier type term |
volume |
| Carrier type code |
nc |
| Source |
rdacarrier |
| 500 ## - GENERAL NOTE |
| General note |
At head of title: ETS. |
| 500 ## - GENERAL NOTE |
| General note |
"150 real test questions with explanations--straight from the maker of the GRE General Test"--Cover. |
| 505 0# - FORMATTED CONTENTS NOTE |
| Formatted contents note |
Overview of the GRE verbal reasoning measure -- Test content -- Question type 1 : reading comprehension -- Question type 2 : text completion -- Question type 3 : sentence equivalence -- Mixed practice sets -- Overview of the GRE analytical writing measure. |
| 520 ## - SUMMARY, ETC. |
| Summary, etc. |
Provides former test questions with answers and explanations to help students master the Verbal Reasoning section of the GRE, and includes test-taking strategies and an overview of the GRE Analytical Writing section. |
| 650 #0 - SUBJECT ADDED ENTRY--TOPICAL TERM |
| Topical term or geographic name entry element |
Graduate Record Examination |
| Form subdivision |
Study guides. |
| 9 (RLIN) |
95315 |
| 650 #0 - SUBJECT ADDED ENTRY--TOPICAL TERM |
| Topical term or geographic name entry element |
Reading comprehension |
| General subdivision |
Examinations |
| Form subdivision |
Study guides. |
| 9 (RLIN) |
96653 |
| 650 #0 - SUBJECT ADDED ENTRY--TOPICAL TERM |
| Topical term or geographic name entry element |
Educational tests and measurements |
| Form subdivision |
Study guides. |
| 9 (RLIN) |
96654 |
| 650 #0 - SUBJECT ADDED ENTRY--TOPICAL TERM |
| Topical term or geographic name entry element |
Universities and colleges |
| General subdivision |
Examinations |
| Form subdivision |
Study guides. |
| 9 (RLIN) |
96655 |
| 710 2# - ADDED ENTRY--CORPORATE NAME |
| Corporate name or jurisdiction name as entry element |
Educational Testing Service. |
| 9 (RLIN) |
10582 |
| 710 2# - ADDED ENTRY--CORPORATE NAME |
| Corporate name or jurisdiction name as entry element |
Graduate Record Examinations Board. |
| 9 (RLIN) |
10581 |
| 906 ## - LOCAL DATA ELEMENT F, LDF (RLIN) |
| a |
7 |
| b |
cbc |
| c |
copycat |
| d |
2 |
| e |
ncip |
| f |
20 |
| g |
y-gencatlg |
| 942 ## - ADDED ENTRY ELEMENTS (KOHA) |
| Source of classification or shelving scheme |
|
| Koha item type |
Lincoln Corner |